| 000 | 00427nam a22001337a 4500 | ||
|---|---|---|---|
| 003 | SGT | ||
| 082 |
_a617.692 _bE18P |
||
| 100 | _aLOVLEEN, PURI | ||
| 245 | _aEVALUATION OF CRESTAL BONE LEVEL AND IMPLANT STABILITY QUOTIENT IN IMMEDIATELY PLACED DENTAL IMPLANTS WITH AND WITHOUT L-PRE MEMBRANE APPLICATION | ||
| 260 |
_aDELHI NCR _bSGT UNIVERSITY GURUGRAM _c2018 |
||
| 300 | _a1-76 | ||
| 650 | _aPROSTHODONTICS | ||
| 942 |
_2ddc _cTH |
||
| 999 |
_c17053 _d17053 |
||